| 000 | 00000nam##2200000za#4500 |
| 001 | 9.627181 |
| 003 | CaOODSP |
| 005 | 20240206145613 |
| 007 | ta |
| 008 | 150406|2006||||xxc||||| f|0| 0 fre|d |
| 020 | |a0-662-71497-0 |
| 040 | |aCaOODSP|bfre |
| 043 | |an-cn--- |
| 086 | 1 |aTU3-6/04-1F |
| 110 | 2 |aBureau de la sécurité des transports du Canada. |
| 245 | 10|aDéraillement en voie principale du train numéro 239-13 exploité par le Chemin de fer Canadien Pacifique au point milliaire 178,20 de la subdivision Belleville à Whitby (Ontario) le 14 janvier 2004 |
| 260 | |aGatineau - Québec : |bBureau de la sécurité des transports du Canada |c2006. |
| 300 | |avi, 66p. : |bfigures, glossaire, graphiques, ill., carte, tableaux, photographies ; |c28 cm. |
| 490 | 1 |aRapport d'enquête sur un accident ferroviaire |vR04T0008 |
| 563 | |aCouverture souple |
| 590 | |a06-36|b2006-09-08 |
| 691 | 07|aAccident ferroviaire|2gcpds |
| 775 | 08|tMain-track derailment - Canadian Pacific Railway Train No. 239-13 mile 178.20, Belleville subdivision, Whitby, Ontario, 14 January 2004 |w(CaOODSP)9.617766 |
| 776 | 0#|tDéraillement en voie principale du train numéro 239-13 exploité par le Chemin de fer Canadien Pacifique au point milliaire 178,20 de la subdivision Belleville à Whitby (Ontario) le 14 janvier 2004 |w(CaOODSP)9.593648 |
| 830 | #0|aRapport d'enquête sur un accident ferroviaire ;|vR04T0008|w(CaOODSP)9.513574 |